Wszystkie Albumy Sentino - Statystyki

Ogólne statystyki
  • Ten quiz został rozwiązany 19 razy
  • Średni wynik to 17 z 20
Statystyki odpowiedzi
ROK WYDANIA ALBUM % Poprawnych
2021 Czary Mary
100%
2021 King Sento
100%
2025 King Sento 2
100%
2023 KOŁYSANKI DLA ULICY
100%
2020 Zabójstwo Liryczne 0
100%
2014 Zabójstwo Liryczne 1
100%
2015 Zabójstwo Liryczne 2
100%
2020 Zabójstwo Liryczne 3
100%
2026 Zabójstwo Liryczne 5
100%
2022 Aporofobia
92%
2021 Fenix
85%
2021 Zabójstwo Liryczne Epilog
85%
2025 DGAP
77%
2026 KING SENTO PROLOG
77%
2022 Megalomania
77%
2022 ZL4EVER
77%
2025 APOROFOBIA II
62%
2024 BUSINESS NOTHING PERSONAL
62%
2024 SANGUE BLU
62%
2025 La Cultura Vol.1
54%
Nie znaleziono quizów pasujących do podanych kryteriów
Rozkład punktacji
Procent ludzi z każdym wynikiem
Percentyl według liczby udzielonych odpowiedzi
Twoja historia wyników
Nie rozwiązałeś tego quizu